| 000 | 00701nam a2200205Ii 4500 | ||
|---|---|---|---|
| 003 | JO-AjNU | ||
| 008 | 230605s9999||||xx |||||||||||||| ||und|| | ||
| 040 |
_aJO-AjNU _bara _erda _cJO-AjNU |
||
| 041 | _aara | ||
| 050 | 1 | 4 | _aPQ2649.R78.D4512 2005 |
| 100 | 3 |
_aتروبات، هنري؛ ترجمة ناديا شومان, _eauthor _924659 |
|
| 245 | 0 | 0 | _aتحدي أولغا |
| 250 | _aط1 | ||
| 264 | 3 | 1 | _aاللاذقية - سوريا: دار الحوار للنشر والتوزيع، 2005 |
| 300 | _a175ص | ||
| 336 |
_atext _btxt _2rdacontent |
||
| 337 |
_aunmediated _bn _2rdamedia |
||
| 338 |
_avolume _bnc _2rdacarrier |
||
| 650 | 4 |
_aالادب الاجنبي - روايات - مترجم _924660 |
|
| 999 |
_aA9117 _c12685 _d12685 |
||